[Event "British Chess Championships 2023: PM Tournament U2050"]
[Site "The Venue, De Montfort University, 20 Western Boulevard, Leicester, LE2 7BU"]
[Date "2023.07.27"]
[Round "4"]
[Board "5"]
[White "Latypov, Egor L"]
[Black "Vyas, Alisha"]
[Result "1/2-1/2"]
[WhiteElo "1804"]
[BlackElo "1878"]
[PlyCount "80"]
[EventDate "2023.07.24"]
[EventRounds "6"]
[EventCountry "ENG"]

1. d4 Nf6 2. c4 g6 3. Nc3 Bg7 4. e4 d6 5. f3 O-O 6. Be3 e5 7. d5 Nh5 8. Qd2 f5 9.
Bg5 Bf6 10. Bxf6 Qxf6 11. O-O-O a5 12. Nh3 Na6 13. Be2 Nc5 14. g4 fxg4 15. fxg4 Nf4
16. Rdf1 Nxe2+ 17. Qxe2 Qg7 18. Rxf8+ Qxf8 19. Kc2 Bd7 20. Rf1 Qe7 21. Qf3 Kg7 22.
Ng1 Rb8 23. h4 Qxh4 24. Qf7+ Kh8 25. Nf3 Qh6 26. g5 Qg7 27. Nd2 Re8 28. a3 Qxf7 29.
Rxf7 Kg8 30. Rf6 Kg7 31. b4 axb4 32. axb4 Na6 33. b5 Nc5 34. Rf1 Ra8 35. Nb3 Na4
36. Ra1 Nb6 37. Rxa8 Nxa8 38. c5 Bc8 39. Na4 Bd7 40. Nc3 Bc8  1/2-1/2

[Event "British Chess Championships 2023: PM Tournament U2050"]
[Site "The Venue, De Montfort University, 20 Western Boulevard, Leicester, LE2 7BU"]
[Date "2023.07.27"]
[Round "4"]
[Board "6"]
[White "Khan, Mohammed"]
[Black "O'hanlon, Pat"]
[Result "1/2-1/2"]
[WhiteElo "1873"]
[BlackElo "1676"]
[PlyCount "26"]
[EventDate "2023.07.24"]
[EventRounds "6"]
[EventCountry "ENG"]

1. e4 e6 2. Nc3 d5 3. Nf3 dxe4 4. Nxe4 Nd7 5. d4 Ngf6 6. Nxf6+ Nxf6 7. Bf4 Bd6 8.
Bxd6 cxd6 9. Bd3 O-O 10. c3 Bd7 11. O-O Bc6 12. Re1 Qb6 13. Qe2 Bxf3  1/2-1/2

[Event "British Chess Championships 2023: PM Tournament U2050"]
[Site "The Venue, De Montfort University, 20 Western Boulevard, Leicester, LE2 7BU"]
[Date "2023.07.27"]
[Round "4"]
[Board "7"]
[White "Hodge, Steve R"]
[Black "Fernando, Manel"]
[Result "1-0"]
[WhiteElo "2035"]
[BlackElo "1627"]
[PlyCount "111"]
[EventDate "2023.07.24"]
[EventRounds "6"]
[EventCountry "ENG"]

1. e4 e5 2. Nf3 Nf6 3. Nxe5 d6 4. Nf3 Nxe4 5. Nc3 Nxc3 6. dxc3 Be7 7. Be3 Bg4 8.
h3 Bh5 9. Be2 c6 10. Qd2 Nd7 11. O-O-O Qa5 12. Kb1 O-O-O 13. g4 Bg6 14. Nd4 c5 15.
Nb5 Ne5 16. f4 Be4 17. Rhf1 Nc6 18. Na3 d5 19. c4 Qxd2 20. Rxd2 d4 21. Bg1 Nb4 22.
Re1 Bh4 23. Red1 Bg3 24. Bd3 Bxd3 25. cxd3 Bxf4 26. Rf2 g5 27. Bh2 Bxh2 28. Rxh2
h5 29. Rf2 hxg4 30. hxg4 Rdf8 31. Nb5 Kb8 32. Nd6 Rh4 33. Ne4 Nc6 34. Nxc5 Ne5 35.
Rf5 f6 36. Rxe5 fxe5 37. Nd7+ Kc7 38. Nxf8 Rxg4 39. Nh7 Rg2 40. Nf6 g4 41. Ne4 Re2
42. Rg1 Re3 43. Rg3 Rxg3 44. Nxg3 Kd6 45. Kc2 Ke6 46. Kd2 Kf6 47. Ke2 Kg5 48. Ne4+
Kf4 49. b4 g3 50. Nxg3 Kxg3 51. c5 Kf4 52. b5 Kf5 53. Kf3 Ke6 54. Ke4 b6 55. c6 Kd6
56. Kf5  1-0

[Event "British Chess Championships 2023: PM Tournament U2050"]
[Site "The Venue, De Montfort University, 20 Western Boulevard, Leicester, LE2 7BU"]
[Date "2023.07.27"]
[Round "4"]
[Board "8"]
[White "Acharya, Kandara"]
[Black "Rao, Shree"]
[Result "1/2-1/2"]
[WhiteElo "1783"]
[BlackElo "1599"]
[PlyCount "110"]
[EventDate "2023.07.24"]
[EventRounds "6"]
[EventCountry "ENG"]

1. c4 Nf6 2. g3 g6 3. Bg2 Bg7 4. Nf3 O-O 5. O-O c6 6. d4 d5 7. cxd5 cxd5 8. Nc3 Nc6
9. Bf4 Bf5 10. Qb3 a6 11. Qxb7 Na5 12. Qb4 Nh5 13. Nh4 Nxf4 14. Nxf5 Nxe2+ 15. Nxe2
gxf5 16. b3 e6 17. Rac1 Rb8 18. Qd2 Nb7 19. Rc6 a5 20. Qf4 Qd7 21. Rfc1 Rbc8 22.
Rc7 Rxc7 23. Rxc7 Qb5 24. Bf3 Qb6 25. Rd7 Rd8 26. Qc7 Qxc7 27. Rxc7 Rb8 28. Bh5 Nd6
29. Rd7 Rb6 30. Rd8+ Bf8 31. Nc3 Rc6 32. Na4 Rc1+ 33. Kg2 Rc7 34. Nc5 Kg7 35. Ra8
Nb5 36. Rxa5 Nxd4 37. Nd3 Kf6 38. h4 Nc6 39. Ra8 Be7 40. a4 e5 41. a5 e4 42. Nf4
Rd7 43. Ra6 Rd6 44. Nxd5+ Rxd5 45. Rxc6+ Rd6 46. Rxd6+ Bxd6 47. a6 Bc5 48. b4 Ba7
49. Kf1 Ke6 50. g4 fxg4 51. Bxg4+ f5 52. Bd1 Kd6 53. Bb3 f4 54. Bg8 h6 55. Bh7 Ke5
 1/2-1/2

[Event "British Chess Championships 2023: PM Tournament U2050"]
[Site "The Venue, De Montfort University, 20 Western Boulevard, Leicester, LE2 7BU"]
[Date "2023.07.27"]
[Round "4"]
[Board "9"]
[White "Gartside, Carl"]
[Black "Lawrence, Spencer"]
[Result "0-1"]
[WhiteElo "1895"]
[BlackElo "1849"]
[PlyCount "30"]
[EventDate "2023.07.24"]
[EventRounds "6"]
[EventCountry "ENG"]

1. d4 d5 2. Nf3 c6 3. c4 dxc4 4. a4 Nf6 5. Qc2 g6 6. e4 Bg7 7. Bxc4 O-O 8. h3 Nbd7
9. Be3 Nb6 10. Bb3 Be6 11. Bxe6 fxe6 12. Qb3 Ne8 13. Qxe6+ Kh8 14. Ng5 Nd6 15. Nf7+
Nxf7  0-1

[Event "British Chess Championships 2023: PM Tournament U2050"]
[Site "The Venue, De Montfort University, 20 Western Boulevard, Leicester, LE2 7BU"]
[Date "2023.07.27"]
[Round "4"]
[Board "10"]
[White "Mckenna, Joshua"]
[Black "Burton, Nick"]
[Result "1-0"]
[WhiteElo "1600"]
[BlackElo "1965"]
[PlyCount "25"]
[EventDate "2023.07.24"]
[EventRounds "6"]
[EventCountry "ENG"]

1. e4 d6 2. d4 Nf6 3. Nc3 g6 4. Be3 Bg7 5. Qd2 c6 6. f3 b5 7. a3 Nbd7 8. d5 cxd5
9. Nxd5 Nxd5 10. Qxd5 Bxb2 11. Rb1 Bc3+ 12. Kf2 Nb6 13. Qc6+  1-0

[Event "British Chess Championships 2023: PM Tournament U2050"]
[Site "The Venue, De Montfort University, 20 Western Boulevard, Leicester, LE2 7BU"]
[Date "2023.07.27"]
[Round "4"]
[Board "11"]
[White "Neale, George"]
[Black "Coward, Neil"]
[Result "1-0"]
[WhiteElo "1918"]
[BlackElo "1800"]
[PlyCount "75"]
[EventDate "2023.07.24"]
[EventRounds "6"]
[EventCountry "ENG"]

1. d4 d5 2. c4 e5 3. dxe5 d4 4. Nf3 Nc6 5. g3 Bg4 6. Bg2 Qd7 7. O-O O-O-O 8. Bf4
Nge7 9. Na3 Bh3 10. Bxh3 Qxh3 11. Ng5 Qf5 12. Qd3 Qxd3 13. exd3 Ng6 14. Nxf7 Nxf4
15. gxf4 Bxa3 16. bxa3 Rhf8 17. Nxd8 Kxd8 18. Rfe1 Rxf4 19. Rab1 b6 20. c5 Rf5 21.
cxb6 axb6 22. Rb5 Ke7 23. Kg2 Na7 24. Rb4 Rf4 25. Rc1 Kd8 26. Rcc4 Nc8 27. Rxd4+
Rxd4 28. Rxd4+ Ke7 29. f4 Ke6 30. Rd8 Ne7 31. Re8 Kf7 32. Rxe7+ Kxe7 33. Kf3 Ke6
34. Ke4 g6 35. Kd4 c6 36. a4 h6 37. h4 Kf5 38. a5  1-0

[Event "British Chess Championships 2023: PM Tournament U2050"]
[Site "The Venue, De Montfort University, 20 Western Boulevard, Leicester, LE2 7BU"]
[Date "2023.07.27"]
[Round "4"]
[Board "12"]
[White "Westcott, Dale"]
[Black "Bingham, James T"]
[Result "1/2-1/2"]
[WhiteElo "1676"]
[BlackElo "1860"]
[PlyCount "29"]
[EventDate "2023.07.24"]
[EventRounds "6"]
[EventCountry "ENG"]

1. d4 Nf6 2. c4 g6 3. Nc3 d5 4. Nf3 Bg7 5. Qb3 c6 6. cxd5 cxd5 7. Bf4 O-O 8. e3 Nc6
9. h3 a6 10. Bd3 b5 11. O-O Na5 12. Qb4 Nc6 13. Qb3 Na5 14. Qb4 Nc6 15. Qb3  1/2-1/2

[Event "British Chess Championships 2023: PM Tournament U2050"]
[Site "The Venue, De Montfort University, 20 Western Boulevard, Leicester, LE2 7BU"]
[Date "2023.07.27"]
[Round "4"]
[Board "13"]
[White "Connor, Matthew J"]
[Black "Hollyman, Mike"]
[Result "1-0"]
[WhiteElo "1805"]
[BlackElo "1555"]
[PlyCount "67"]
[EventDate "2023.07.24"]
[EventRounds "6"]
[EventCountry "ENG"]

1. e4 c6 2. Nf3 d5 3. d3 dxe4 4. Ng5 Nf6 5. Nxe4 Nxe4 6. dxe4 Qxd1+ 7. Kxd1 e5 8.
Be3 Be6 9. Nd2 Nd7 10. c3 O-O-O 11. Kc2 g6 12. a4 f5 13. Bxa7 b6 14. a5 Nc5 15. Bxb6
Rxd2+ 16. Kxd2 Nb3+ 17. Ke3 Nxa1 18. Ba6+ Kb8 19. Rxa1 Bh6+ 20. Ke2 fxe4 21. Ke1
Rf8 22. Be3 Bf4 23. Ra4 Bxe3 24. fxe3 Ka7 25. Be2 Rb8 26. Rb4 Rxb4 27. cxb4 Bc8 28.
Kd2 Be6 29. Kc3 h5 30. Bc4 Bf5 31. b5 cxb5 32. Bxb5 Bg4 33. Kb4 Bf3 34. g3  1-0

[Event "British Chess Championships 2023: PM Tournament U2050"]
[Site "The Venue, De Montfort University, 20 Western Boulevard, Leicester, LE2 7BU"]
[Date "2023.07.27"]
[Round "4"]
[Board "14"]
[White "Livesey, R Nigel"]
[Black "Tomy, Jeff"]
[Result "1/2-1/2"]
[WhiteElo "1811"]
[BlackElo "1791"]
[PlyCount "52"]
[EventDate "2023.07.24"]
[EventRounds "6"]
[EventCountry "ENG"]

1. Nf3 d5 2. b3 Nf6 3. Bb2 Bf5 4. e3 c5 5. d4 e6 6. Bd3 Bg6 7. Ne5 Nc6 8. Nxg6 hxg6
9. Nd2 Bd6 10. f4 cxd4 11. exd4 Bxf4 12. Qf3 Qc7 13. h3 Bg3+ 14. Kd1 Qf4 15. c3 Qxf3+
16. Nxf3 Ng4 17. Ke2 Nf2 18. Rhf1 Nxd3 19. Kxd3 Ne7 20. Ba3 Nf5 21. Ne5 Rc8 22. Rf3
Rh4 23. Raf1 g5 24. Rxg3 f6 25. Rgf3 fxe5 26. dxe5 g4  1/2-1/2

[Event "British Chess Championships 2023: PM Tournament U2050"]
[Site "The Venue, De Montfort University, 20 Western Boulevard, Leicester, LE2 7BU"]
[Date "2023.07.28"]
[Round "5"]
[Board "1"]
[White "Staniland, Philip"]
[Black "Gordon, Sean"]
[Result "1/2-1/2"]
[WhiteElo "1782"]
[BlackElo "1999"]
[PlyCount "37"]
[EventDate "2023.07.24"]
[EventRounds "6"]
[EventCountry "ENG"]

1. d4 d5 2. Nc3 Nf6 3. Bf4 e6 4. e3 Bb4 5. Nge2 O-O 6. a3 Be7 7. Ng3 c5 8. Be2 Nbd7
9. O-O a6 10. e4 cxd4 11. Qxd4 Bc5 12. Qd2 e5 13. Bg5 dxe4 14. Ngxe4 Nxe4 15. Nxe4
Be7 16. Bxe7 Qxe7 17. Nd6 Nf6 18. Nxc8 Raxc8 19. c4  1/2-1/2

[Event "British Chess Championships 2023: PM Tournament U2050"]
[Site "The Venue, De Montfort University, 20 Western Boulevard, Leicester, LE2 7BU"]
[Date "2023.07.28"]
[Round "5"]
[Board "2"]
[White "Clarke, Ian J"]
[Black "Dunn, Maxim"]
[Result "0-1"]
[WhiteElo "1981"]
[BlackElo "2035"]
[PlyCount "158"]
[EventDate "2023.07.24"]
[EventRounds "6"]
[EventCountry "ENG"]

1. b3 Nf6 2. Bb2 g6 3. Nf3 Bg7 4. g3 O-O 5. Bg2 c5 6. c4 Nc6 7. O-O d5 8. cxd5 Nxd5
9. Bxg7 Kxg7 10. d4 cxd4 11. Nxd4 e5 12. Nxc6 bxc6 13. Qd2 Be6 14. Rd1 Qe7 15. Nc3
Rfd8 16. Qb2 f6 17. Rac1 Bf7 18. Na4 Rac8 19. Nc5 Nb6 20. Rxd8 Qxd8 21. e3 Qe7 22.
e4 Rd8 23. Qc3 Rd4 24. Bf1 Qd6 25. a4 Nd7 26. Nxd7 Qxd7 27. Qxc6 Bxb3 28. Qxd7+ Rxd7
29. Bb5 Rd1+ 30. Rxd1 Bxd1 31. f4 Kf8 32. Kf2 Ke7 33. Ke3 Kd6 34. Kd3 Kc5 35. Kc3
g5 36. fxg5 fxg5 37. Bd7 h6 38. Be8 Bf3 39. Bg6 Bg4 40. Be8 Bc8 41. Bb5 Bb7 42. Bd3
Bc6 43. Bc2 a6 44. Bd3 a5 45. Bc2 Be8 46. Bb3 Bd7 47. Bd1 Bh3 48. Bc2 Bg2 49. Bd3
Bf3 50. Bc2 Be2 51. Kd2 Ba6 52. Kc3 Bb7 53. Bd3 Ba8 54. Bb1 Bb7 55. Bd3 Bc8 56. Bb1
Bd7 57. Bc2 Bc6 58. g4 Bd7 59. Bd1 Be8 60. Bb3 h5 61. h3 hxg4 62. hxg4 Bd7 63. Bd1
Bc6 64. Bc2 Bb7 65. Bd3 Bc8 66. Be2 Be6 67. Bf3 Bc4 68. Bd1 Bf1 69. Bf3 Bh3 70. Bd1
Bg2 71. Kd3 Kb4 72. Ke3 Bf1 73. Kd2 Ba6 74. Bc2 Bc8 75. Bd1 Bd7 76. Kd3 Bc6 77. Bc2
Be8 78. Bd1 Bd7 79. Ke3 Bxa4  0-1

[Event "British Chess Championships 2023: PM Tournament U2050"]
[Site "The Venue, De Montfort University, 20 Western Boulevard, Leicester, LE2 7BU"]
[Date "2023.07.28"]
[Round "5"]
[Board "3"]
[White "O'hanlon, Pat"]
[Black "Hodge, Steve R"]
[Result "0-1"]
[WhiteElo "1676"]
[BlackElo "2035"]
[PlyCount "68"]
[EventDate "2023.07.24"]
[EventRounds "6"]
[EventCountry "ENG"]

1. d4 f5 2. Nf3 Nf6 3. e3 g6 4. Be2 Bg7 5. O-O O-O 6. b3 d6 7. Bb2 c6 8. c4 Qe8 9.
Nc3 e5 10. dxe5 dxe5 11. Qc2 e4 12. Nd4 Nbd7 13. b4 Ne5 14. c5 Bd7 15. Rad1 Rd8 16.
b5 Qe7 17. a4 g5 18. a5 f4 19. Nxe4 Nd5 20. Nd6 fxe3 21. f3 Be8 22. N4f5 Qf6 23.
Nxg7 Qxg7 24. Bd4 Qe7 25. Qe4 Ng6 26. Qxe7 Ngxe7 27. b6 axb6 28. axb6 Rd7 29. Bc4
Bf7 30. Nxf7 Rxf7 31. Rfe1 Nf5 32. Rd3 Kf8 33. g3 Nb4 34. Rb3 Nc2  0-1

[Event "British Chess Championships 2023: PM Tournament U2050"]
[Site "The Venue, De Montfort University, 20 Western Boulevard, Leicester, LE2 7BU"]
[Date "2023.07.28"]
[Round "5"]
[Board "4"]
[White "Vyas, Alisha"]
[Black "Di-Vetta, Andrew"]
[Result "1-0"]
[WhiteElo "1878"]
[BlackElo "1776"]
[PlyCount "55"]
[EventDate "2023.07.24"]
[EventRounds "6"]
[EventCountry "ENG"]

1. e4 c6 2. Nf3 d5 3. Nc3 Bg4 4. h3 Bxf3 5. Qxf3 e6 6. d4 Nd7 7. Bd3 Qb6 8. Ne2 g6
9. O-O Bg7 10. c3 Ne7 11. Rb1 O-O 12. e5 c5 13. Be3 c4 14. Bc2 Qc7 15. Bg5 Nc6 16.
h4 Rae8 17. h5 h6 18. Be3 Ne7 19. hxg6 fxg6 20. Qg4 Rf5 21. Bxf5 gxf5 22. Qh5 Qd8
23. Bxh6 Bxh6 24. Qxh6 Nf8 25. Nf4 Nc6 26. Rfe1 Kf7 27. Re3 Ke7 28. Qg7#  1-0

[Event "British Chess Championships 2023: PM Tournament U2050"]
[Site "The Venue, De Montfort University, 20 Western Boulevard, Leicester, LE2 7BU"]
[Date "2023.07.28"]
[Round "5"]
[Board "5"]
[White "Lawrence, Spencer"]
[Black "Khan, Mohammed"]
[Result "1/2-1/2"]
[WhiteElo "1849"]
[BlackElo "1873"]
[PlyCount "31"]
[EventDate "2023.07.24"]
[EventRounds "6"]
[EventCountry "ENG"]

1. d4 d5 2. c4 c6 3. cxd5 cxd5 4. Nf3 Nf6 5. Nc3 Nc6 6. Bf4 a6 7. e3 Qb6 8. Qb3 Qxb3
9. axb3 Bf5 10. Be2 e6 11. O-O Be7 12. Nb5 O-O 13. Nd6 Bxd6 14. Bxd6 Rfd8 15. Bc5
Bc2 16. Rfc1  1/2-1/2

[Event "British Chess Championships 2023: PM Tournament U2050"]
[Site "The Venue, De Montfort University, 20 Western Boulevard, Leicester, LE2 7BU"]
[Date "2023.07.28"]
[Round "5"]
[Board "6"]
[White "Neale, George"]
[Black "Latypov, Egor L"]
[Result "1-0"]
[WhiteElo "1918"]
[BlackElo "1804"]
[PlyCount "95"]
[EventDate "2023.07.24"]
[EventRounds "6"]
[EventCountry "ENG"]

1. d4 Nf6 2. Nf3 g6 3. g3 Bg7 4. Bg2 d5 5. O-O O-O 6. c4 c6 7. cxd5 cxd5 8. Nc3 Nbd7
9. Bf4 a6 10. Rc1 Nb6 11. Na4 Nxa4 12. Qxa4 Bd7 13. Qb3 Bb5 14. Rfe1 Nh5 15. Bc7
Qd7 16. Ne5 Bxe5 17. Bxe5 Bc4 18. Qe3 f6 19. b3 fxe5 20. bxc4 e4 21. cxd5 Nf6 22.
Bxe4 Nxd5 23. Qb3 e6 24. Bxd5 exd5 25. e4 Qf7 26. Qxd5 Qxd5 27. exd5 Rf7 28. Re5
Rd8 29. Kg2 Rd6 30. f4 Rfd7 31. Rc5 Rb6 32. Re6 Rb2+ 33. Kh3 Kf7 34. a4 Rb4 35. a5
Rxd5 36. Rb6 Rxc5 37. dxc5 Rxb6 38. cxb6 Kf6 39. Kg4 h5+ 40. Kf3 Kf5 41. h3 g5 42.
g4+ hxg4+ 43. hxg4+ Kf6 44. fxg5+ Kxg5 45. Ke4 Kxg4 46. Kd5 Kf4 47. Kd6 Ke4 48. Kc7
 1-0

[Event "British Chess Championships 2023: PM Tournament U2050"]
[Site "The Venue, De Montfort University, 20 Western Boulevard, Leicester, LE2 7BU"]
[Date "2023.07.28"]
[Round "5"]
[Board "7"]
[White "O'gorman, Brendan"]
[Black "Connor, Matthew J"]
[Result "1/2-1/2"]
[WhiteElo "1779"]
[BlackElo "1805"]
[PlyCount "45"]
[EventDate "2023.07.24"]
[EventRounds "6"]
[EventCountry "ENG"]

1. c4 e5 2. Nc3 Nf6 3. Nf3 e4 4. Ng5 c6 5. Ngxe4 Nxe4 6. Nxe4 d5 7. cxd5 cxd5 8.
Ng3 h5 9. Qc2 Nc6 10. e3 h4 11. Ne2 Bd6 12. d4 Nb4 13. Qb1 Qf6 14. Nc3 Bf5 15. Bb5+
Kf8 16. e4 dxe4 17. Be3 Qg6 18. O-O Nd3 19. Kh1 h3 20. g3 Nf4 21. Bxf4 Bxf4 22. Ne2
Bd6 23. Qc1  1/2-1/2

[Event "British Chess Championships 2023: PM Tournament U2050"]
[Site "The Venue, De Montfort University, 20 Western Boulevard, Leicester, LE2 7BU"]
[Date "2023.07.28"]
[Round "5"]
[Board "8"]
[White "Rao, Shree"]
[Black "Colclough, Ryan"]
[Result "0-1"]
[WhiteElo "1599"]
[BlackElo "1795"]
[PlyCount "72"]
[EventDate "2023.07.24"]
[EventRounds "6"]
[EventCountry "ENG"]

1. e4 e5 2. Nf3 Nc6 3. Bb5 Nf6 4. d3 Bc5 5. Bxc6 dxc6 6. Nbd2 Be6 7. O-O Bd6 8. Ng5
Bg4 9. Qe1 h6 10. Ngf3 Qe7 11. h3 Bh5 12. Nh4 Qe6 13. Nf5 Rh7 14. Ng3 O-O-O 15. Nc4
g5 16. Nxh5 Nxh5 17. Qe2 Nf4 18. Bxf4 gxf4 19. Nxd6+ cxd6 20. Qg4 Qxg4 21. hxg4 h5
22. gxh5 Rxh5 23. f3 Rdh8 24. Kf2 Kd7 25. a4 a5 26. b3 Rh2 27. c4 Kc7 28. Rg1 Kb6
29. Ra2 Kc5 30. Rd1 b6 31. Rdd2 Rh1 32. Rab2 R8h6 33. Ke2 Rg1 34. Kf2 Rhh1 35. Rbc2
Rf1+ 36. Ke2 Re1+  0-1

[Event "British Chess Championships 2023: PM Tournament U2050"]
[Site "The Venue, De Montfort University, 20 Western Boulevard, Leicester, LE2 7BU"]
[Date "2023.07.28"]
[Round "5"]
[Board "9"]
[White "Mckenna, Joshua"]
[Black "Acharya, Kandara"]
[Result "0-1"]
[WhiteElo "1600"]
[BlackElo "1783"]
[PlyCount "80"]
[EventDate "2023.07.24"]
[EventRounds "6"]
[EventCountry "ENG"]

1. e4 c5 2. c3 g6 3. d4 cxd4 4. cxd4 d5 5. e5 Nh6 6. Nf3 Bg7 7. Nc3 O-O 8. Bf4 Nc6
9. Bb5 f6 10. Bxc6 bxc6 11. exf6 exf6 12. O-O Nf5 13. h3 Nd6 14. Na4 Ne4 15. Qc1
Bd7 16. Nd2 f5 17. Nxe4 dxe4 18. Nc5 Re8 19. Qc4+ Kh8 20. Qf7 Qe7 21. Qxe7 Rxe7 22.
Nxd7 Rxd7 23. Be5 Bxe5 24. dxe5 Re8 25. Rac1 Rxe5 26. Rxc6 Ra5 27. a3 Rd2 28. Rc8+
Kg7 29. Rb8 Rc5 30. Rb7+ Kf6 31. b4 Rcc2 32. g4 e3 33. g5+ Kxg5 34. f4+ Kf6 35. Re1
Rg2+ 36. Kh1 Rh2+ 37. Kg1 Rcg2+ 38. Kf1 e2+ 39. Rxe2 Rxe2 40. Rxa7 Ra2  0-1

[Event "British Chess Championships 2023: PM Tournament U2050"]
[Site "The Venue, De Montfort University, 20 Western Boulevard, Leicester, LE2 7BU"]
[Date "2023.07.28"]
[Round "5"]
[Board "10"]
[White "Bingham, James T"]
[Black "Fernando, Manel"]
[Result "0-1"]
[WhiteElo "1860"]
[BlackElo "1627"]
[PlyCount "58"]
[EventDate "2023.07.24"]
[EventRounds "6"]
[EventCountry "ENG"]

1. d4 d5 2. Nf3 Nf6 3. e3 e6 4. Bd3 Bd6 5. Nbd2 Nbd7 6. O-O O-O 7. c4 c6 8. e4 e5
9. c5 Bc7 10. Qc2 exd4 11. exd5 cxd5 12. Nb3 Ne5 13. Nxe5 Bxe5 14. f4 Bc7 15. Nxd4
Re8 16. b4 Ne4 17. Nf3 Bg4 18. h3 Bh5 19. Bxe4 dxe4 20. Ne5 Qd4+ 21. Kh1 Qxa1 22.
Nc4 f5 23. Rg1 Re7 24. Ne3 Rf7 25. g4 fxg4 26. hxg4 Bxf4 27. Qb3 Qe5 28. Bb2 Qg5
29. Nf5 Bxg4  0-1

[Event "British Chess Championships 2023: PM Tournament U2050"]
[Site "The Venue, De Montfort University, 20 Western Boulevard, Leicester, LE2 7BU"]
[Date "2023.07.28"]
[Round "5"]
[Board "11"]
[White "Tomy, Jeff"]
[Black "Westcott, Dale"]
[Result "1-0"]
[WhiteElo "1791"]
[BlackElo "1676"]
[PlyCount "61"]
[EventDate "2023.07.24"]
[EventRounds "6"]
[EventCountry "ENG"]

1. d4 d5 2. Nf3 Nf6 3. c4 c6 4. Nc3 e6 5. g3 dxc4 6. Ne5 Bb4 7. Bg2 Nd5 8. Qc2 b5
9. O-O Bb7 10. e4 Nf6 11. Rd1 Nbd7 12. Bg5 Be7 13. Nxd7 Nxd7 14. Bxe7 Qxe7 15. e5
a6 16. Ne4 O-O 17. Nd6 Nb6 18. Be4 f5 19. Bg2 Nd5 20. a3 f4 21. Bh3 fxg3 22. hxg3
Rad8 23. Nxb7 Qxb7 24. Bxe6+ Kh8 25. Kg2 Qe7 26. Rh1 h6 27. Qg6 c5 28. Rxh6+ gxh6
29. Rh1 Nf4+ 30. gxf4 Qb7+ 31. f3  1-0

[Event "British Chess Championships 2023: PM Tournament U2050"]
[Site "The Venue, De Montfort University, 20 Western Boulevard, Leicester, LE2 7BU"]
[Date "2023.07.28"]
[Round "5"]
[Board "12"]
[White "Hollyman, Mike"]
[Black "Gartside, Carl"]
[Result "0-1"]
[WhiteElo "1555"]
[BlackElo "1895"]
[PlyCount "108"]
[EventDate "2023.07.24"]
[EventRounds "6"]
[EventCountry "ENG"]

1. c4 f5 2. Nc3 g6 3. g3 Bg7 4. Bg2 Nf6 5. d3 O-O 6. e4 fxe4 7. dxe4 d6 8. Nge2 c5
9. O-O Nc6 10. Rb1 e5 11. Nb5 Nd4 12. Nbxd4 cxd4 13. f4 Qb6 14. Kh1 Be6 15. b3 Rf7
16. Bd2 Kh8 17. Ng1 Raf8 18. Nf3 Nxe4 19. Qe2 Nxd2 20. Nxd2 Bf5 21. Rbe1 Qc7 22.
Bd5 Re7 23. g4 Bc8 24. Rg1 Rxf4 25. h3 Re8 26. Nf3 Ref8 27. Rg3 b6 28. Ng5 Qe7 29.
Ne4 Bb7 30. Bxb7 Qxb7 31. Kh2 Qe7 32. g5 b5 33. Rg4 bxc4 34. Rxf4 Rxf4 35. Qxc4 Qf8
36. Kg2 h6 37. Qe6 hxg5 38. Qxg6 Bh6 39. Nxg5 Bxg5 40. Qxg5 Qg7 41. Qxg7+ Kxg7 42.
Rc1 d3 43. Rd1 e4 44. Kg3 Rf7 45. h4 d5 46. h5 Rf3+ 47. Kg2 Kh6 48. Rf1 Rxf1 49.
Kxf1 Kxh5 50. Kf2 Kg4 51. Ke3 d4+ 52. Kd2 Kf5 53. a4 Ke5 54. b4 Kd6  0-1

[Event "British Chess Championships 2023: PM Tournament U2050"]
[Site "The Venue, De Montfort University, 20 Western Boulevard, Leicester, LE2 7BU"]
[Date "2023.07.28"]
[Round "5"]
[Board "13"]
[White "Clegg, Robert"]
[Black "Coward, Neil"]
[Result "1-0"]
[WhiteElo "1860"]
[BlackElo "1800"]
[PlyCount "49"]
[EventDate "2023.07.24"]
[EventRounds "6"]
[EventCountry "ENG"]

1. d4 d5 2. Nf3 g6 3. c4 c6 4. Nc3 Bg7 5. h3 Nf6 6. Bf4 O-O 7. e3 Nbd7 8. Be2 Re8
9. Bh2 Qa5 10. O-O Qb6 11. Qb3 Qxb3 12. axb3 Nb6 13. c5 Nbd7 14. b4 Nf8 15. b5 Bd7
16. Ra2 Ne4 17. Rfa1 Nxc3 18. bxc3 cxb5 19. Rxa7 Rxa7 20. Rxa7 Bc6 21. Ra5 Nd7 22.
Bxb5 Nf6 23. Ne5 Ne4 24. Bxc6 Bxe5 25. Bxe8  1-0

[Event "British Chess Championships 2023: PM Tournament U2050"]
[Site "The Venue, De Montfort University, 20 Western Boulevard, Leicester, LE2 7BU"]
[Date "2023.07.29"]
[Round "6"]
[Board "2"]
[White "Khan, Mohammed"]
[Black "Vyas, Alisha"]
[Result "1-0"]
[WhiteElo "1873"]
[BlackElo "1878"]
[PlyCount "85"]
[EventDate "2023.07.24"]
[EventRounds "6"]
[EventCountry "ENG"]

1. e4 c5 2. Nc3 Nc6 3. g3 g6 4. Bg2 Bg7 5. d3 e6 6. Nge2 Nge7 7. O-O O-O 8. f4 d5
9. h3 a6 10. g4 dxe4 11. Nxe4 b6 12. N2g3 f5 13. Ng5 h6 14. Nf3 Rb8 15. c3 Kh7 16.
Qe2 Qd6 17. Re1 fxg4 18. hxg4 Nd5 19. Qe4 Nf6 20. Qe2 Nxg4 21. Ne4 Qc7 22. Nfg5+
hxg5 23. Nxg5+ Kg8 24. Qxg4 Nd8 25. Be4 Rf6 26. Qh4 Bh8 27. Re2 Qg7 28. Rh2 Bb7 29.
Be3 Bxe4 30. dxe4 e5 31. Kg2 Ne6 32. Rah1 Nxg5 33. fxg5 Rff8 34. Qxh8+ Qxh8 35. Rxh8+
Kf7 36. Rf1+ Ke7 37. Rfxf8 Rxf8 38. Rxf8 Kxf8 39. b4 cxb4 40. cxb4 b5 41. Bc5+ Kf7
42. Bd6 Ke6 43. Bb8  1-0